Score 0/32 Timer 04:00
7 Plays Today
Clue 5-letter Answer % Correct
Prison roomsCELLS
90.2%
1999 movie: ''Jingle _____''BELLS
89.3%
Tiny; often paired with ittyBITTY
88.4%
1984 movie: ''Every Picture _____ a Story''TELLS
86.2%
Actors' words in a playLINES
86.1%
Catchers' glovesMITTS
85.9%
Stoppers for wine bottlesCORKS
85.6%
1992 movie: ''The Mighty _____''DUCKS
84.3%
★ Ernie's favorite toy: Rubber _____●DUCKY●
83%
Excavations for ore or precious stonesMINES
82.4%
Very small pestsMITES
81.2%
Landing piersDOCKS
80.9%
James Thurber's short story:
''The Secret Life of Walter _____''
MITTY
80.8%
Person who avoids the company of othersLONER
79.8%
Sets the hammer of a gunCOCKS
79.6%
★ _____ Lou has yellow braids ★●BETTY●
77.9%
Clue 5-letter Answer % Correct
Ringlets of hairCURLS
76.5%
Passenger ship that's part of a fleetLINER
75.7%
Hits very hard (slang)BELTS
71.9%
Stomach; gutBELLY
71.8%
Ribbed fabricsCORDS
70.4%
1993 movie: ''House of _____''CARDS
70.2%
Sagan and LewisCARLS
69.1%
Chooses; gleansCULLS
68.7%
★ _____ Monster has a pet hamster
and loves triangles ★
●TELLY●
67.4%
American singer-songwriter: _____ SimonCARLY
66.4%
Soap opera actor Jack _____BETTS
64.1%
★ _____ Bear is Baby Bear's little sister, but uh-oh, she can growl louder ★●CURLY●
62.3%
★ Grover has a secret identity: _____Grover! ★●SUPER●
58.9%
Roasted lamb in pita: ______ kebabDÖNER
51.9%
Person who easily deceives anotherDUPER
46.4%
Drug addict (slang)DOPER
46.3%

Today's Daily Dose

Missing Word
'T' Pairs

Word Ladder
Game Pieces

Get the Picture
Baseball Movies

Remove Ads.
Support Sporcle.
Get the best of Sporcle when you Go Orange. This ad-free experience offers more features, more stats, and more fun while also helping to support Sporcle. Thank you for becoming a member.

You're not logged in!

Compare scores with friends on all Sporcle quizzes.
OR
Log In

Show Comments

Extras

Top Quizzes Today


Score Distribution

Your Account Isn't Verified!

In order to create a playlist on Sporcle, you need to verify the email address you used during registration. Go to your Sporcle Settings to finish the process.

Report this User

Report this user for behavior that violates our Community Guidelines.

Details: